महाराष्ट्र रुप-दर्शन (Record no. 126127)

MARC details
000 -LEADER
fixed length control field 00398nam a2200121Ia 4500
008 - FIXED-LENGTH DATA ELEMENTS--GENERAL INFORMATION
fixed length control field 090124s9999 xx 000 0 und d
082 ## - DEWEY DECIMAL CLASSIFICATION NUMBER
Item number 12188
Classification number 284
245 ## - TITLE STATEMENT
Title महाराष्ट्र रुप-दर्शन
250 ## - EDITION STATEMENT
Edition statement 1
630 ## - SUBJECT ADDED ENTRY--UNIFORM TITLE
Uniform title महाराष्ट्र रुप-दर्शन
730 ## - ADDED ENTRY--UNIFORM TITLE
Uniform title महाराष्ट्र रुप-दर्शन
942 ## - ADDED ENTRY ELEMENTS (KOHA)
Koha item type Book
Holdings
Withdrawn status Lost status Damaged status Not for loan Home library Current library Date acquired Cost, normal purchase price Total Checkouts Full call number Barcode Date last seen Cost, replacement price Price effective from Koha item type
        Marathi Granth Sangrahalaya,Thane Marathi Granth Sangrahalaya,Thane   1.00   12188 THNMGS-12188 01/24/2009 1.00 01/24/2009 Book